| 000 | 02050nam0a2200409 4500 | ||
|---|---|---|---|
| 001 | RU\NLR\BIBL_A\022461941 | ||
| 005 | 20250404125003.0 | ||
| 010 |
_a978-5-17-156426-1 _92500 |
||
| 021 |
_aRU _bАЛ-П-24-01215и _9АЛ-П-24-0253 |
||
| 035 | _a(NLR Aleph) 022461941 | ||
| 090 |
_a13364400 _c13364400 |
||
| 100 | _a20250219d2024 d y0rusy50 ca | ||
| 101 | 1 |
_arus _ceng |
|
| 102 | _aRU | ||
| 105 | _aa t 000ay | ||
| 181 | 0 |
_ab3 _bbb2e |
|
| 181 | 0 |
_ai1 _baxxe |
|
| 182 | 0 | _an | |
| 200 | 1 |
_aПриключения Пети и Волка _iДело о потерянной памяти _eкомикс _eдля среднего школьного возраста _fСоюзмультфильм _gсценарист - Владимир Максимушкин _gавтор идеи - Алексей Лебедев _gхудожник - Ксения Атаджанова |
|
| 203 |
_aИзображение _aТекст _bвизуальные _cнепосредственные |
||
| 210 |
_aМосква _cАСТ, Мультибукс _d2024 |
||
| 215 |
_a64 с. _cцв. ил. _d27 |
||
| 225 | 1 | _aСерия "Приключения Пети и Волка. Комикс" | |
| 300 | _aНа 4-й с. обл.: "Приключения Пети и Волка" - мультсериал | ||
| 333 | _a6+ | ||
| 500 | 1 | 0 |
_aПриключения Пети и Волка _lМультсериал |
| 686 | 0 | _aШ9(2)62=Р7-4 | |
| 686 | 0 | _aЩ153(2Р=Рус)8-475 | |
| 702 | 1 |
_aМаксимушкин _bВ. В. _gВладимир Викторович _4690 |
|
| 702 | 1 |
_4245 _7ca _8rus _aЛебедев _bА. В. _cсценарист _f1973- _gАлексей Владимирович _924554 _3RU\NLR\AUTH\7741606 |
|
| 702 | 1 |
_aАтаджанова _bК. Б. _gКсения Бахтияровна _4040 |
|
| 712 | 0 | 2 |
_a"Союзмультфильм", киностудия _cМосква _9299723 _3RU\NLR\AUTH\8810206083 |
| 942 | _cBOOK | ||
| 980 | _aNB | ||